00489nam a2200145 a 450000100100000000500170001000800410002702000150006804000250008324500520010826000610016030000210022150000730024250400280031500003644320200930075732.0120117s1985 ch 000 0 spa d a9187134004 aDO-SdBNPbspacBNPHU00aChile, 1973-1984 / :bRigoberto García (ed.). aStockholm :bInstitute of Latin American Studies,c1985. a223 p. ;c23 cm. aIncluye referencias bibliográficas y notas al pie de las páginas aBibliografía : p. 223